000 00824nam0a22002411 4500
001 rc\2972992
005 20250530001558.0
035 _a(NLR Aleph) 007118935
090 _a6843106
_c6843106
100 _a20110908d1938 |||y0rusy50 ca
101 0 _arus
102 _aRU
105 _ay z |||||
200 1 _aРезолюции XIV Съезда КП(б) Азербайджана и XXIII Общебакинской партийной конференции
210 _aБаку
_cАзпартиздат
_d1938
215 _a52 с.
_d19 см
300 _aНа 4-й с. обл. пер. тит. л. на азерб. яз.
710 0 2 _aКП(б) Азербайджана
_bСъезд
_d14
_eБаку
_f1938
801 0 _aRU
_bNLR
_gpsbo
801 1 _aRU
_bELAR
_2rusmarc
852 _aNLR
_j38-10/3041
942 _cBOOK
980 _aNB